000 00506nam a2200181Ia 4500
001 23164
005 20260414150919.0
008 260414t2012||||xx |||||||||||||| ||spa||
041 _aESP
082 _a625.1
_bV66
100 _aVillaronte Fernández-Villa, Juan Antonio
_eAUT
245 0 _aTecnología e ingeniería ferroviaria :
_bprocedimientos constructivos e instalaciones
260 _c2012
300 _aix, 244 páginas :
_c24 cm.
650 _a0
654 _aCIC
942 _cLIB
_dJUS
_fJUS
_2ddc
_n
999 _c23164
_d23164